000 00589nam a2200193Ia 4500
003 LDD
008 181029s9999 xx 000 0 und d
020 _a415371589
_cP 24.99
040 _cLDD
100 _aTransnational cinema: the film reader
245 0 _aTransnational cinema
_bthe film reader
_cTransnational cinema
_bthe film reader
260 _aNew york
_bRoutledge
_c2006
300 _avii, 205p.
365 _bP 24.99
901 _a3499
_b20-11-2006
902 _a8242
_b28-11-2006
_cF
_dOP
_e7
903 _aDiscount-10
_bReqst by : Subhash Dhulia
942 _2ddc
_cBK
999 _c76649
_d76649